| 000 | 00853nas a2200241Ia 4500 | ||
|---|---|---|---|
| 001 | dg67-36251 | ||
| 003 | IT-MiCISF | ||
| 005 | 20250218110930.0 | ||
| 008 | 161014c99999999xx |||||||||||| ||und|| | ||
| 040 |
_aIT-MiCISF _cIT-MiCISF |
||
| 041 | _afr | ||
| 100 |
_aBambaren Luis (et al.) _961545 |
||
| 245 | 0 | _aLes enfants exploités sexuellement | |
| 250 | _a"L'enfance dans le monde", vol. 19, n. 2 | ||
| 260 | _c1992 | ||
| 300 | _app. 42 | ||
| 500 | _aabuso-sessuale, infanzia, prostituzione, diritti-bambino | ||
| 650 | _amaltrattamenti-violenza | ||
| 654 | _arivista | ||
| 700 |
_aMuntarbhorn V., Bruce F., Kone D., Lefort F., Ochola L., Vasconcelos A., _a Crovara C., James S., McGeady M.R., Skrobanek S., Nicaise F., Meert F., O'Grady R. _a, Senevirative M., Fernard-Laurent S., Toffel P. _961546 |
||
| 942 |
_cCR _2ddc |
||
| 999 |
_c221420 _d221420 |
||
| 999 | _bSi | ||